| 000 | 01179nam0a22002411 4500 | ||
|---|---|---|---|
| 001 | rc\641650 | ||
| 005 | 20031121164733.6 | ||
| 035 | _a(NLR Aleph) 005882859 | ||
| 090 |
_a6096304 _c6096304 |
||
| 100 | _a20031121d1986 u |0rusy50 ca | ||
| 101 | 0 | _arus | |
| 102 | _aRU | ||
| 105 | _aa ||||||||| | ||
| 200 | 1 |
_aПовышение технико-экономических показателей металлургических печей _eТемат. сб. науч. тр. _fГос. союз. ин-т по проектированию металлург. з-дов ("Гипромез") Гос. союз. ин-т по проектированию агрегатов сталеплавил. и прокат. пр-ва для чер. металлургии ("Стальпроект") _g[Редкол.: В.М. Тымчак (отв. ред.) и др.] |
|
| 210 |
_aМ. _cМеталлургия _d1986 |
||
| 215 |
_a87 с. _cил. _d21 |
||
| 320 | _aБиблиогр. в конце ст. | ||
| 702 | 1 |
_aТымчак _bВ. М. _gВячеслав Михайлович _4340 |
|
| 801 | 0 |
_aRU _bNLR _gpsbo |
|
| 801 | 1 |
_aRU _bELAR _2rusmarc |
|
| 852 |
_aNLR _j86-4/6888 |
||
| 942 | _cBOOK | ||
| 980 | _aNB | ||